European Islands on the Map - Statistics

General Stats
  • This quiz has been taken 1,272 times
    1,175 since last reset
  • The average score is 12 of 16
Answers on the Map
Answers color-coded by a green-red scale on the quiz's map according to % correct below.
 
Answer Stats
Answer % Correct
Iceland
99%
Ireland
98%
Sicily
95%
Corsica
93%
Great Britain
93%
Sardinia
92%
Crete
91%
Isle of Man
87%
Majorca
80%
Ibiza
73%
Minorca
69%
Zealand
61%
Gotland
55%
Lesbos
53%
Euboea
38%
Saaremaa
22%
No matching quizzes found
Score Distribution
Percent of People with Each Score
Percentile by Number Answered
Your Score History
You have not taken this quiz since the last reset